Management Control Systems <a> Managerial Emphasis
Salvato in:
| Autore principale: | |
|---|---|
| Natura: | Libro |
| Lingua: | inglese |
| Pubblicazione: |
New Delhi
Excel Books
2017
|
| Edizione: | 1st Edition, Reprint |
| Soggetti: | |
| Tags: |
Nessun Tag, puoi essere il primo ad aggiungerne!!
|
MARC
| LEADER | 00000nam a2200000 4500 | ||
|---|---|---|---|
| 001 | 0236830 | ||
| 005 | 20240221114153.4 | ||
| 020 | |a 978-81-7446-680-8 | ||
| 041 | 0 | |a eng | |
| 044 | |a IN | ||
| 245 | 1 | 0 | |a Management Control Systems |b <a> Managerial Emphasis |c Pradip Kumar Sinha |
| 250 | |a 1st Edition, Reprint | ||
| 264 | 1 | |a New Delhi |b Excel Books |c 2017 | |
| 300 | |a 506 s. | ||
| 610 | 2 | 0 | |a systémy riadenia |
| 610 | 2 | 0 | |a kontrola |
| 610 | 2 | 0 | |a plánovanie strategické |
| 610 | 2 | 0 | |a rozpočty |
| 610 | 2 | 0 | |a výkonnosť |
| 610 | 2 | 0 | |a služby |
| 610 | 2 | 0 | |a organizácie neziskové |
| 610 | 2 | 0 | |a audit |
| 610 | 2 | 0 | |a spoločnosti nadnárodné |
| 610 | 2 | 0 | |a projekty |
| 610 | 2 | 0 | |a analýzy |
| 610 | 2 | 0 | |a India |
| 100 | 1 | |a Sinha, Pradip Kumar | |